| 000 | 00725nam a22002297a 4500 | ||
|---|---|---|---|
| 999 |
_c19163 _d19163 |
||
| 003 | AR-CdUCM | ||
| 008 | 190318b ||||| |||| 00| 0 spa d | ||
| 040 |
_aMUNICIPALIDAD PROVINCIAL DEL CUSCO _cBIBLIOTECA MUNICIPAL DEL CUSCO |
||
| 041 | _heng | ||
| 082 |
_22ed. _a300 / _bK72 |
||
| 100 |
_aKohler, Earl R. _918703 |
||
| 245 | _aDiccionario de términos económicos y contables / | ||
| 260 |
_aBogota : _bCientíficas, _c1973. |
||
| 300 |
_a442 páginas ; _c22 cm. |
||
| 500 | _aTitulo original: disctonary of economic and accounting terms. | ||
| 505 | _aDiccionario. | ||
| 650 |
_aEconomía _9382 |
||
| 650 |
_aContabilidad _910543 |
||
| 650 |
_aDiccionario _95196 |
||
| 942 |
_2ddc _cLIBROS |
||
| 945 |
_arah _d2019-05-16 |
||